| LEADER 00000nam 2200000uu 4500 |
| 008 150224s2557||||th 000 0 tha d |
| 020 ^a9749305183
|
| 041 0 ^atha^beng
|
| 060 4 ^aQU145 ช152อ 2557
|
| 100 0 ^aชนิดา ปโชติการ
|
| 245 00 ^aอาหาร & สุขภาพ=^bFunctional Foods for Health/^cชนิดา ปโชติการ,ศัลยา คงสมบูรณ์เวช,อภิสิทธิ์ ฉัตรทนานนท์.
|
| 246 31 ^aFunctional Foods for Health
|
| 246 0 ^aอาหารและสุขภาพ
|
| 250 ^aพิมพ์ครั้งที่ 5
|
| 260 ^aกรุงเทพฯ : ^bบริษัท เสริมมิตร พริ้นติ้ง จำกัด,^c2557.
|
| 300 ^a216 หน้า;^bภาพประกอบ.
|
| 650 4 ^aโภชนาการ
|
| 650 4 ^aอาหาร ^xแง่โภชนาการ
|
| 650 4 ^aอาหารเพื่อสุขภาพ
|
| 650 4 ^aFunctional Foods
|
| 700 0 ^aศัลยา คงสมบูรณ์เวช
|
| 700 0 ^aอภิสิทธิ์ ฉัตรทนานนท์
|
| 999 ^aใช้งานได้ทุกระบบ
|